| 000 | 01561nam0a22003011 4500 | ||
|---|---|---|---|
| 001 | rc\3673058 | ||
| 005 | 20130115151156.6 | ||
| 021 |
_aRU _b[72-50365] |
||
| 035 | _a(NLR Aleph) 007842722 | ||
| 090 |
_a9815636 _c9815636 |
||
| 100 | _a20130115d1972 |||y0rusy50 ca | ||
| 101 | 0 | _arus | |
| 102 | _aRU | ||
| 105 | _aa z ||||| | ||
| 200 | 1 |
_aКонцентраторы солнечной энергии _e(Соврем. методы производства и контроля качества отражающих поверхностей) _eСборник статей по обмену опытом _fПод ред. [и с предисл.] канд. техн. наук В.А. Грилихеса _gНауч.-техн. о-во энергетики и электротехн. пром-сти. Центр. правл. Гелиотехн. секция |
|
| 210 |
_a[Ленинград _cЭнергия. Ленингр. отд-ние _d1972] |
||
| 215 |
_a62 с. _cил. _d20 |
||
| 320 | _aСписки лит. в конце статей | ||
| 606 |
_aГелиоустановки _jСборники _2psbo |
||
| 606 |
_aСолнечная энергия _xИспользование _jСборники _2psbo |
||
| 702 | 1 |
_aГрилихес _bВ. А. _4340 _4080 |
|
| 712 | 0 | 2 |
_aНТО энерг. промышленности _cЛенинград _bЦентральное правление _3RU\NLR\AUTH\8810001288 |
| 801 | 0 |
_aRU _bNLR _gpsbo |
|
| 801 | 1 |
_aRU _bELAR _2rusmarc |
|
| 852 |
_aNLR _j72-4/18062 |
||
| 852 |
_aNLR _jМф К-1/26310 |
||
| 942 | _cBOOK | ||
| 980 | _aNB | ||